Paishe khidmat rasool (PBUM) (Record no. 327459)
[ view plain ]
| 000 -LEADER | |
|---|---|
| fixed length control field | 00353 a2200133 4500 |
| 001 - CONTROL NUMBER | |
| control field | 92386 |
| 082 ## - DEWEY DECIMAL CLASSIFICATION NUMBER | |
| Classification number | 297.4 AHM |
| 090 ## - LOCALLY ASSIGNED LC-TYPE CALL NUMBER (OCLC); LOCAL CALL NUMBER (RLIN) | |
| -- | 44354 |
| -- | 44355 |
| 100 ## - MAIN ENTRY--PERSONAL NAME | |
| Personal name | Ahmad Rafiq Akhtar, Prof |
| 245 ## - TITLE STATEMENT | |
| Title | Paishe khidmat rasool (PBUM) |
| Statement of responsibility, etc. | Ahmed Rafiq Akhter, Prof |
| 260 ## - PUBLICATION, DISTRIBUTION, ETC. | |
| Place of publication, distribution, etc. | Lahore |
| Name of publisher, distributor, etc. | Sange Meel Pub |
| Date of publication, distribution, etc. | 2015 |
| 300 ## - PHYSICAL DESCRIPTION | |
| Extent | 240 p. |
| 520 ## - SUMMARY, ETC. | |
| Summary, etc. | pesh khidmat e rasool |
| 942 ## - ADDED ENTRY ELEMENTS (KOHA) | |
| Institution code [OBSOLETE] | CAE NUST |
| Call number prefix | 297.4 AHM |
| Withdrawn status | Lost status | Damaged status | Not for loan | Collection code | Permanent Location | Current Location | Date acquired | Total Checkouts | Full call number | Barcode | Date last seen | Price effective from | Koha item type |
|---|---|---|---|---|---|---|---|---|---|---|---|---|---|
| College of Aeronautical Engineering (CAE) | College of Aeronautical Engineering (CAE) | 04/03/2017 | 297.4 AHM | CAE88634 | 04/05/2017 | 04/05/2017 | Book |
